Tuberculosis treated by Homoepathy / (Record no. 134877)

MARC details
000 -LEADER
fixed length control field 00647nam a22002177a 4500
005 - DATE AND TIME OF LATEST TRANSACTION
control field 20170124110236.0
010 ## - LIBRARY OF CONGRESS CONTROL NUMBER
LC control number B-229143
020 ## - INTERNATIONAL STANDARD BOOK NUMBER
Terms of availability 95.00
International Standard Book Number 9788173814921
035 ## - SYSTEM CONTROL NUMBER
System control number B-229143
037 ## - SOURCE OF ACQUISITION
Source of stock number/acquisition Cen Lib/Ret
040 ## - CATALOGING SOURCE
Original cataloging agency DPL
Language of cataloging EN
082 ## - DEWEY DECIMAL CLASSIFICATION NUMBER
Classification number 616.995
Item number SAX
100 ## - MAIN ENTRY--PERSONAL NAME
Personal name Saxena, Rajeev
9 (RLIN) 42044
245 ## - TITLE STATEMENT
Title Tuberculosis treated by Homoepathy /
Statement of responsibility, etc by Rajeev saxena
260 ## - PUBLICATION, DISTRIBUTION, ETC. (IMPRINT)
Place of publication, distribution, etc Kolkata
Name of publisher, distributor, etc New central book agency
Date of publication, distribution, etc 2006
270 ## - ADDRESS
City kolkata
Address 8/1 Chntamoni Das Lane
Postal code 700009
300 ## - PHYSICAL DESCRIPTION
Extent ix,104p.
Dimensions 24cm(pbk)
650 ## - SUBJECT ADDED ENTRY--TOPICAL TERM
Topical term or geographic name as entry element Tuberculosis
9 (RLIN) 19768
650 ## - SUBJECT ADDED ENTRY--TOPICAL TERM
Topical term or geographic name as entry element Homoeopathy
General subdivision
9 (RLIN) 42045
942 ## - ADDED ENTRY ELEMENTS (KOHA)
Source of classification or shelving scheme Dewey Decimal Classification
Koha item type English Books
Classification part 616.995
Call number suffix SAX
Holdings
Withdrawn status Lost status Damaged status Not for loan Home library Current library Date acquired Source of acquisition Cost, normal purchase price Total Checkouts Full call number Barcode Date last seen Copy number Cost, replacement price Price effective from Koha item type
        Central Library Central Library 31/07/2015 Cen Lib/Ret 95.00   616.995 SAX B-229143 31/07/2015 1 95.00 15/09/2016 English Books

© Delhi Public Library
Hit Counter
free hit counter